El despotismo ilustrado en España / (Record no. 21645)

MARC details
000 -LEADER
campo de control de longitud fija 00891nam a2200229 i 4500
001 - NÚMERO DE CONTROL
campo de control 21645
003 - IDENTIFICADOR DE NÚMERO DE CONTROL
campo de control ES-MaACL
005 - FECHA Y HORA DE LA ÚLTIMA TRANSACCIÓN
campo de control 20250803000103.0
007 - CAMPO FIJO DE DESCRIPCIÓN FÍSICA--INFORMACIÓN GENERAL
campo de control de longitud fija t|
008 - DATOS DE LONGITUD FIJA--INFORMACIÓN GENERAL
campo de control de longitud fija 021126s1933 fr |||| | spa d
100 1# - ENTRADA PRINCIPAL--NOMBRE DE PERSONA
Nombre de persona Alcázar Molina, Cayetano,
Fechas asociadas al nombre 1897-1958
9 (RLIN) 19539
245 13 - MENCIÓN DEL TÍTULO
Título El despotismo ilustrado en España /
Mención de responsabilidad, etc. por Cayetano Alcázar Molina.
260 ## - PUBLICACIÓN, DISTRIBUCIÓN, ETC.
Lugar de publicación, distribución, etc. Paris :
Nombre del editor, distribuidor, etc. [s.n.],
Fecha de publicación, distribución, etc. 1933 (
Fabricante Presses Universitaires de France)
300 ## - DESCRIPCIÓN FÍSICA
Extensión 13 h. (728 a 751 p.) ;
Dimensiones 25 cm.
500 ## - NOTA GENERAL
Nota general La cubierta hace de portada.
594 ## - Nota al título y mención de responsabilidad
Nota al título y mención de responsabilidad Precede al tít.: Comité international de sciences historiques.
595 ## -
-- Sustrait du: Bulletin du Comité international de sciences historiques, n. 20, Juillet 1923.
650 04 - PUNTO DE ACCESO ADICIONAL DE MATERIA--TÉRMINO DE MATERIA
Término de materia o nombre geográfico como elemento de entrada Ilustración-
Subdivisión geográfica España
9 (RLIN) 13585
710 2# - ENTRADA AGREGADA--NOMBRE DE ENTIDAD CORPORATIVA
Nombre de entidad corporativa o nombre de jurisdicción como elemento de entrada Comité Internacional de Ciencias Históricas.
9 (RLIN) 170814
852 ## - LOCALIZACIÓN
Ubicación ES-MaACL
Número de control de estantería 1770-F-9
Holdings
Estatus retirado Estado de pérdida Estado de daño No para préstamo Colección Biblioteca de origen Biblioteca actual Ubicación en estantería Fecha de adquisición Fuente de adquisición Total de préstamos Signatura topográfica completa Código de barras Visto por última vez Precio de reemplazo Tipo de ítem Koha
        Colección de folletos Biblioteca del Ateneo de Madrid Biblioteca del Ateneo de Madrid Depósito folletos 17/01/2008     1770-F-9 1022246 23/02/2023 23/02/2023 Folleto